000 00592nam a2200241Ia 4500
003 OSt
005 20220924151136.0
006 a|||||r|||| 00| 0
007 ta
008 220923b |||||||| |||| 00| 0 tel d
020 _c34.00
024 _a336325
037 _cTextual
040 _aARTS
_cARTS
_btel
041 _2tel
_atel
082 _aO35,3NNAG,8, N2
100 _aNagireddy N.S.
_9223657
245 0 _aDeath clinic
260 _c1992
650 _aTELUGU FICTION
942 _hO35,3NNAG,8, N2
_cTEXL
_2CC
999 _c465658
_d465658